00497nam a2200157 a 4500008004100000020001800041050001600059100001800075245006200093260004800155300002100203350000900224650004000233650003900273650002700312081212s2007 ||||||||||||||||| || u a9781412923965 aLB 2806 Dev aDavies, Brent10aDeveloping sustainable leadershipcedited by Brent Davies aLondonbPaul Chapman Publishing (PCP)c2007 axvi, 199p.: ill. a0.00 0aEDUCATIONAL TESTS AND MEASUREMENTS  0aSCHOOL MANAGEMENT AND ORGANIZATION 0aEDUCATIONAL LEADERSHIP